000 01034nab a22001937a 4500
007 ta
008 240515t20241505XXK|||||o|||| 00| 0 eng d
041 _aeng
110 _aDevonshires
_9655
245 _aIs it MEES your looking for?
_bEnergy Performance Certificates & the Minimum Energy Efficiency Standards
260 _bDevonshires,
_cMay 2024
520 _aDevonshires look at Energy Performance Certificates (what they are, when you need them and how long they last) and the Minimum Energy Efficiency Standard (what it is, when it applies and what works you might, as a landlord, be required to undertake). We’ll cover both residential and commercial rented buildings – as both are relevant to both.
650 _aENERGY PERFORMANCE
650 _aENERGY PERFORMANCE CERTIFICATES
650 _aMINIMUM ENERGY EFFICIENCY STANDARDS
650 _aPROPERTY STANDARDS
651 _aEngland
856 _uhttps://devonshires.foleon.com/its-the-law/its-the-law-is-it-mees-your-looking-for/
_zAvailable from Devonshires website
999 _c121931
_d121931